Statistics for Countries by Largest City, In Order (Africa)

Click here to take the quiz!

General Stats

  • This quiz has been taken 67 times
  • The average score is 28 of 53

Answer Stats

PopulationCityCountry% Correct
21,500,000CairoEgypt
100%
20,100,000LagosNigeria
100%
14,200,000JohannesburgSouth Africa
100%
13,900,000KinshasaDemocratic Republic of the Congo
96%
8,450,000LuandaAngola
93%
6,450,000Dar es SalaamTanzania
89%
3,900,000Addis AbabaEthiopia
85%
5,200,000AccraGhana
85%
5,750,000AbidjanIvory Coast
85%
6,100,000NairobiKenya
85%
4,550,000CasablancaMorocco
85%
4,025,000AlgiersAlgeria
81%
3,925,000DakarSenegal
81%
6,500,000KhartoumSudan
78%
3,675,000KampalaUganda
78%
3,500,000YaoundéCameroon
74%
3,675,000BamakoMali
70%
2,750,000AntananarivoMadagascar
67%
2,725,000TunisTunisia
67%
2,800,000LusakaZambia
63%
2,650,000OuagadougouBurkina Faso
52%
2,600,000ConakryGuinea
52%
2,350,000MaputoMozambique
48%
2,350,000BrazzavilleRepublic of the Congo
44%
71,868São ToméSão Tomé and Príncipe
44%
2,000,000MogadishuSomalia
44%
26,350VictoriaSeychelles
41%
2,075,000HarareZimbabwe
41%
159,050PraiaCape Verde
37%
74,749MoroniComoros
37%
1,650,000MonroviaLiberia
37%
2,175,000LoméTogo
37%
431,437GaboroneBotswana
33%
1,600,000BujumburaBurundi
33%
1,290,000TripoliLibya
33%
146,737Port LouisMauritius
33%
1,350,000NiameyNiger
33%
1,860,000FreetownSierra Leone
33%
1,890,000CotonouBenin
30%
1,230,000BanguiCentral African Republic
30%
1,610,000N'DjamenaChad
30%
94,874MbabaneEswatini
30%
703,940LibrevilleGabon
30%
1,010,000BanjulGambia
30%
492,004BissauGuinea-Bissau
30%
330,760MaseruLesotho
30%
1,090,000LilongweMalawi
30%
325,858WindhoekNamibia
30%
290,000BataEquatorial Guinea
26%
1,310,000NouakchottMauritania
26%
525,953JubaSouth Sudan
26%
600,000DjiboutiDjibouti
22%
1,258,001AsmaraEritrea
22%

Score Distribution

Percentile by Number Answered

Percent of People with Each Score

Your Score History

You have not taken this quiz